|
|
|
|
| LEADER |
02284nam a2200505 a 4500 |
| 001 |
nkc20061695689 |
| 003 |
CZ PrNK |
| 005 |
20070208170741.0 |
| 007 |
ta |
| 008 |
061101s2005 xr a e p 001 0 cze |
| 015 |
|
|
|a cnb001695689
|
| 020 |
|
|
|a 80-210-4106-4
|q (brož.)
|
| 035 |
|
|
|a (OCoLC)85722232
|
| 040 |
|
|
|a BOA001
|b cze
|d ABA001
|
| 072 |
|
7 |
|a 658
|x Řízení a správa podniku
|2 Konspekt
|9 4
|
| 072 |
|
7 |
|a 37.016
|x Učební osnovy. Vyučovací předměty. Učebnice
|2 Konspekt
|9 22
|
| 080 |
|
|
|a 658.14/.17
|2 MRF
|
| 080 |
|
|
|a (075.8)
|2 MRF
|
| 100 |
1 |
|
|a Kalouda, František,
|d 1949-
|7 jo20010082972
|4 aut
|
| 245 |
1 |
0 |
|a Základy firemních financí :
|b distanční studijní opora /
|c František Kalouda
|
| 250 |
|
|
|a 1. vyd.
|
| 260 |
|
|
|a Brno :
|b Masarykova univerzita, Ekonomicko-správní fakulta,
|c 2005
|
| 300 |
|
|
|a 171 s. :
|b il. ;
|c 29 cm
|
| 500 |
|
|
|a Na obálce pod názvem: KFZFIF
|
| 500 |
|
|
|a V tiráži: Masarykova univerzita, Ekonomicko-správní fakulta, Centrum distančního a celoživotního vzdělávání
|
| 500 |
|
|
|a Na rubu tit. s. a v tiráži vročení 2006
|
| 500 |
|
|
|a Terminologický slovník
|
| 500 |
|
|
|a 200 výt.
|
| 504 |
|
|
|a Obsahuje bibliografii a rejstřík
|
| 650 |
0 |
7 |
|a finance podniku
|7 ph172935
|2 czenas
|
| 650 |
0 |
7 |
|a finanční management
|7 ph114551
|2 czenas
|
| 650 |
0 |
9 |
|a business finance
|2 eczenas
|
| 650 |
0 |
9 |
|a financial management
|2 eczenas
|
| 655 |
|
7 |
|a učebnice vysokých škol
|7 fd133772
|2 czenas
|
| 655 |
|
9 |
|a textbooks (higher)
|2 eczenas
|
| 710 |
2 |
|
|a Masarykova univerzita.
|b Centrum distančního a celoživotního vzdělávání
|7 kn20050729001
|
| 856 |
4 |
1 |
|u http://www.digitalniknihovna.cz/mzk/uuid/uuid:216ae190-5bf4-11e7-a0ea-005056827e52
|y Digitalizovaný dokument
|x NDK
|
| 910 |
2 |
|
|a BOA001
|b 3-1177.297
|
| 990 |
|
|
|a BK
|
| 995 |
|
|
|a 01
|
| 991 |
|
|
|b 200612
|c NOV
|
| 996 |
6 |
|
|b 2610294850
|c 3-1177.297
|l MZK
|r Sklad / do 1 hodiny
|n 3
|p p.v.
|w 000833581
|u 000010
|a 1
|e BOA001
|j MZK50
|s P
|
| 996 |
7 |
|
|b 2610294851
|c 3-1177.297
|l MZK
|r Sklad / do 1 hodiny
|n 25
|p p.v.
|w 000833581
|u 000020
|a 1
|e BOA001
|j MZK50
|s A
|
| 996 |
7 |
|
|b 2610295535
|c 3-1177.297
|l MZK
|r Sklad / do 1 hodiny
|n 23
|p kup
|w 000833581
|u 000030
|a 1
|e BOA001
|j MZK50
|s A
|
| 996 |
7 |
|
|b 2610295536
|c 3-1177.297
|l MZK
|r Sklad / do 1 hodiny
|n 30
|p kup
|w 000833581
|u 000040
|a 1
|e BOA001
|j MZK50
|s A
|